[Event "St Petersburg Korchnoi Memorial op"]
[Site "St Petersburg"]
[Date "2019.08.20"]
[Round "7"]
[White "Radkov, Bazhen D"]
[Black "Erastov, Semen"]
[Result "1/2-1/2"]
[WhiteElo "2169"]
[BlackElo "1969"]
[PlyCount "86"]
[EventDate "2019.08.14"]
[EventType "swiss"]
[EventRounds "9"]
[EventCountry "RUS"]
[SourceTitle "CBM 192"]
[Source "ChessBase"]
[SourceDate "2019.10.31"]
[SourceVersion "1"]
[SourceVersionDate "2019.10.31"]
[SourceQuality "1"]

1. d4 d5 2. c4 c6 3. Nf3 Nf6 4. Nbd2 Bf5 5. g3 e6 6. Nh4 Be4 7. f3 Bg6 8. Nxg6 hxg6 9. Bg2 dxc4 10. Nxc4 c5 11. Qb3 cxd4 12. Qxb7 Nbd7 13. Bf4 Bc5 14. Bc7 Qc8 15. f4 Nd5 16. Bxd5 exd5 17. Nd6+ Bxd6 18. Qxc8+ Rxc8 19. Bxd6 Rc6 20. Ba3 Rc2 21. Rd1 Nf6 22. Rxd4 Rc1+ 23. Rd1 Rxd1+ 24. Kxd1 Ne4 25. Kc2 Nxg3 26. Rd1 Nf5 27. Bc5 Rxh2 28. Rxd5 Rxe2+ 29. Kc3 a6 30. a4 Re6 31. b4 Ng3 32. Kd3 Ne2 33. Be3 Ng3 34. b5 axb5 35. axb5 Ne4 36. b6 Nd6 37. Rc5 Re7 38. Bd4 Rd7 39. Ke2 Nb7 40. Rc8+ Rd8 41. Rxd8+ Kxd8 42. Bxg7 Kd7 43. Kf3 Nd6 1/2-1/2

[Event "St Petersburg Korchnoi Memorial op"]
[Site "St Petersburg"]
[Date "2019.08.17"]
[Round "4"]
[White "Gornostaev, Yakov"]
[Black "Radkov, Bazhen D"]
[Result "0-1"]
[WhiteElo "1860"]
[BlackElo "2169"]
[PlyCount "66"]
[EventDate "2019.08.14"]
[EventType "swiss"]
[EventRounds "9"]
[EventCountry "RUS"]
[SourceTitle "CBM 192"]
[Source "ChessBase"]
[SourceDate "2019.10.31"]
[SourceVersion "1"]
[SourceVersionDate "2019.10.31"]
[SourceQuality "1"]

1. e4 e5 2. Nf3 Nc6 3. d4 exd4 4. Nxd4 Nf6 5. Nxc6 bxc6 6. Bd3 d6 7. 0-0 g6 8. h3 Bg7 9. Nc3 0-0 10. Bg5 h6 11. Bh4 Rb8 12. Rb1 g5 13. Bg3 g4 14. hxg4 Nxg4 15. Qd2 h5 16. f3 Bd4+ 17. Kh1 Ne3 18. Rfe1 Qg5 19. Bh2 Rxb2 20. Rxb2 Bxc3 21. Qxe3 Qxe3 22. Rxe3 Bxb2 23. Bc4 Bd7 24. Rb3 Bd4 25. Rd3 Bc5 26. Rb3 Be6 27. Bxe6 fxe6 28. Rb7 Bb6 29. a4 a5 30. Bxd6 Rc8 31. c4 c5 32. Bxc5 Bxc5 33. Rb5 Bb4 0-1

[Event "St Petersburg Korchnoi Memorial op"]
[Site "St Petersburg"]
[Date "2019.08.14"]
[Round "1"]
[White "Radkov, Bazhen D"]
[Black "Surkova, Sofya"]
[Result "1-0"]
[WhiteElo "2169"]
[BlackElo "1639"]
[PlyCount "57"]
[EventDate "2019.08.14"]
[EventType "swiss"]
[EventRounds "9"]
[EventCountry "RUS"]
[SourceTitle "CBM 192"]
[Source "ChessBase"]
[SourceDate "2019.10.31"]
[SourceVersion "1"]
[SourceVersionDate "2019.10.31"]
[SourceQuality "1"]

1. d4 Nf6 2. Nf3 d5 3. c4 e6 4. g3 Ne4 5. Bg2 Bb4+ 6. Nbd2 c5 7. dxc5 0-0 8. 0-0 Nxd2 9. Nxd2 dxc4 10. Nxc4 Bxc5 11. Bf4 Qe7 12. a3 Rd8 13. Qc2 Nd7 14. Rad1 a5 15. Bc7 Re8 16. Bxa5 Ra7 17. b4 b6 18. bxc5 bxa5 19. Nd6 Rf8 20. c6 Nf6 21. Nb5 Ra6 22. Rd2 Rb6 23. a4 Ba6 24. c7 g6 25. Rfd1 Rc8 26. Rd8+ Ne8 27. Na7 Rxc7 28. Rxe8+ Qxe8 29. Qxc7 1-0

[Event "Riga RTU rapid op"]
[Site "Riga"]
[Date "2019.07.04"]
[Round "8"]
[White "Nevednichy, Vladislav"]
[Black "Radkov, Bazhen D"]
[Result "1-0"]
[WhiteElo "2495"]
[BlackElo "2133"]
[PlyCount "121"]
[EventDate "2019.07.04"]
[EventType "swiss (rapid)"]
[EventRounds "9"]
[EventCountry "LAT"]
[SourceTitle "EXT 2020"]
[Source "ChessBase"]
[SourceDate "2019.10.17"]
[SourceVersion "1"]
[SourceVersionDate "2019.10.17"]
[SourceQuality "1"]

1. e4 e5 2. Bc4 Nf6 3. d3 Nc6 4. Nf3 Bc5 5. Nc3 a6 6. Bg5 h6 7. Bxf6 Qxf6 8. Nd5 Qd8 9. c3 d6 10. d4 Ba7 11. dxe5 Nxe5 12. Nxe5 dxe5 13. Qh5 0-0 14. Qxe5 Re8 15. Qf4 b5 16. Bb3 Bb8 17. Ne3 Qe7 18. 0-0-0 c6 19. Qf3 a5 20. Nf5 Qf6 21. Kb1 a4 22. Bc2 Be5 23. a3 Be6 24. Nd4 Qg6 25. Nxe6 Qxe6 26. g3 c5 27. Rd5 b4 28. cxb4 cxb4 29. axb4 Qb6 30. b5 Ra5 31. Qd3 g6 32. f4 Bg7 33. Rd1 Raa8 34. Ka2 Qf6 35. e5 Qe6 36. h4 Bf8 37. f5 gxf5 38. Qxf5 Qxf5 39. Bxf5 a3 40. b3 Bg7 41. Re1 Rad8 42. Rxd8 Rxd8 43. b6 Rb8 44. e6 fxe6 45. Rxe6 Bd4 46. Rxh6 Rxb6 47. Rxb6 Bxb6 48. b4 Bf2 49. g4 Bxh4 50. Kxa3 Kf7 51. b5 Bf2 52. Kb4 Ke7 53. Ka5 Kd6 54. b6 Kc6 55. Be4+ Kd7 56. g5 Kc8 57. g6 Bd4 58. Kb5 Kb8 59. Kc6 Bg7 60. Kd7 Bd4 61. b7 1-0

[Event "Riga RTU rapid op"]
[Site "Riga"]
[Date "2019.07.04"]
[Round "9"]
[White "Radkov, Bazhen D"]
[Black "Nurgaliyev, Sauat"]
[Result "1-0"]
[WhiteElo "2133"]
[BlackElo "1642"]
[PlyCount "85"]
[EventDate "2019.07.04"]
[EventType "swiss (rapid)"]
[EventRounds "9"]
[EventCountry "LAT"]
[SourceTitle "EXT 2020"]
[Source "ChessBase"]
[SourceDate "2019.10.17"]
[SourceVersion "1"]
[SourceVersionDate "2019.10.17"]
[SourceQuality "1"]

1. d4 Nf6 2. c4 e6 3. Nf3 d5 4. g3 Be7 5. Bg2 0-0 6. 0-0 dxc4 7. Qc2 b5 8. a4 b4 9. Qxc4 Ba6 10. Qc2 Nbd7 11. Rd1 Rc8 12. Ne5 c5 13. Nc6 Qe8 14. Nxa7 Rc7 15. Nc6 Nd5 16. e4 Rxc6 17. exd5 exd5 18. Bxd5 Rc8 19. dxc5 Nxc5 20. Be3 Nd3 21. Qb3 Qd7 22. Nd2 Ne5 23. Bf4 Ng6 24. Nf3 Qg4 25. Ne5 Nxe5 26. Bxe5 Qe2 27. Re1 Qc2 28. Qf3 Bc5 29. Be4 Qd2 30. Rad1 Qg5 31. h4 Qe7 32. Bf5 Rce8 33. Bxg7 Qxe1+ 34. Rxe1 Rxe1+ 35. Kh2 Kxg7 36. Qg4+ Kh8 37. Qh5 Kg7 38. Qg5+ Kh8 39. Qh6 Rh1+ 40. Kxh1 Bb7+ 41. Kg1 Bxf2+ 42. Kxf2 Be4 43. Qxh7# 1-0

[Event "FIN-chT1B 1718"]
[Site "Finland"]
[Date "2017.09.16"]
[Round "1.7"]
[White "Heino, Aimo"]
[Black "Radkov, Bazhen D"]
[Result "0-1"]
[WhiteElo "1746"]
[BlackElo "2192"]
[PlyCount "98"]
[EventDate "2017.09.16"]
[EventType "team-tourn"]
[EventRounds "7"]
[EventCountry "FIN"]
[SourceTitle "EXT 2020"]
[Source "ChessBase"]
[SourceDate "2019.10.17"]
[SourceVersion "1"]
[SourceVersionDate "2019.10.17"]
[SourceQuality "1"]
[WhiteTeam "Lahti S"]
[BlackTeam "Joensuu SK"]
[WhiteTeamCountry "FIN"]
[BlackTeamCountry "FIN"]

1. e4 e5 2. Nf3 Nc6 3. Bb5 a6 4. Ba4 Nf6 5. 0-0 Be7 6. Re1 b5 7. Bb3 d6 8. c3 0-0 9. d3 Na5 10. Bc2 c5 11. Nbd2 Re8 12. Nf1 Bf8 13. Ng3 g6 14. Bg5 h6 15. Bd2 Be6 16. h3 Nc6 17. Be3 Rc8 18. Qc1 Kh7 19. Qb1 d5 20. exd5 Nxd5 21. Bd2 Bg7 22. Ne4 Qe7 23. a4 f5 24. Ng3 Qd7 25. axb5 axb5 26. Qd1 Rcd8 27. Qc1 Nc7 28. Rd1 Bd5 29. Ne1 Qf7 30. Rb1 c4 31. dxc4 Bxc4 32. b3 Bd5 33. Nd3 f4 34. Nf1 Ne6 35. f3 e4 36. fxe4 Bxe4 37. Nf2 Bxc2 38. Qxc2 Ng5 39. h4 Re2 40. hxg5 Qa7 41. Ne3 fxe3 42. Kh1 Rdxd2 43. Rxd2 exd2 44. Nd3 Qe3 45. Rf1 Re1 46. Nxe1 dxe1Q 47. Rxe1 Qxe1+ 48. Kh2 Be5+ 49. Kh3 Qg3# 0-1

[Event "St Petersburg Summer op"]
[Site "St Petersburg"]
[Date "2017.08.23"]
[Round "8"]
[White "Radkov, Bazhen D"]
[Black "Shubin, Alexey"]
[Result "1-0"]
[WhiteElo "2192"]
[BlackElo "2086"]
[PlyCount "73"]
[EventDate "2017.08.16"]
[EventType "swiss"]
[EventRounds "9"]
[EventCountry "RUS"]
[SourceTitle "CBM 180 Extra"]
[Source "ChessBase"]
[SourceDate "2017.10.06"]
[SourceVersion "1"]
[SourceVersionDate "2017.10.06"]
[SourceQuality "1"]

1. d4 c5 2. d5 e5 3. e4 d6 4. Bb5+ Nd7 5. a4 a6 6. Be2 Be7 7. Nf3 Ngf6 8. Nc3 0-0 9. 0-0 h6 10. Nd2 Nh7 11. a5 Bg5 12. Nc4 Bxc1 13. Qxc1 Qe7 14. f4 Re8 15. Ra3 f6 16. Bg4 Ndf8 17. Bxc8 Raxc8 18. fxe5 fxe5 19. Ne3 Ng6 20. Nf5 Qc7 21. Ne2 Ne7 22. Nxh6+ gxh6 23. Rg3+ Kh8 24. Rf7 Rf8 25. Qf1 Rxf7 26. Qxf7 Ng5 27. Qf6+ Kh7 28. h4 Ng6 29. hxg5 Rf8 30. Qe6 Qxa5 31. gxh6 Qe1+ 32. Kh2 Rg8 33. Qf7+ Kh8 34. h7 Rg7 35. Qe8+ Kxh7 36. Rh3+ Nh4 37. Ng3 1-0

[Event "St Petersburg Summer op"]
[Site "St Petersburg"]
[Date "2017.08.20"]
[Round "5"]
[White "Nakhodkin, Gennadiy"]
[Black "Radkov, Bazhen D"]
[Result "0-1"]
[WhiteElo "2001"]
[BlackElo "2192"]
[PlyCount "112"]
[EventDate "2017.08.16"]
[EventType "swiss"]
[EventRounds "9"]
[EventCountry "RUS"]
[SourceTitle "CBM 180 Extra"]
[Source "ChessBase"]
[SourceDate "2017.10.06"]
[SourceVersion "1"]
[SourceVersionDate "2017.10.06"]
[SourceQuality "1"]

1. d4 d5 2. Bf4 Nf6 3. Nc3 e6 4. e3 Bb4 5. Bd3 c5 6. dxc5 Nbd7 7. Nf3 Nxc5 8. 0-0 Bxc3 9. bxc3 0-0 10. Bg5 h6 11. Bh4 Ncd7 12. c4 dxc4 13. Bxc4 Qc7 14. Bb3 b6 15. Bg3 e5 16. Nh4 Nc5 17. Nf3 Ncd7 18. Nd4 Ba6 19. Re1 Rad8 20. Nf5 Nc5 21. Qf3 Nce4 22. Bh4 Kh7 23. Bxf6 Nxf6 24. e4 Bc8 25. Ne3 Be6 26. Nd5 Bxd5 27. exd5 Rfe8 28. Rad1 e4 29. Qf5+ Kg8 30. c4 Qd6 31. Re3 Re5 32. Qf4 Nh5 33. Qh4 Rde8 34. Rde1 Qg6 35. Bc2 f5 36. g3 Nf6 37. Ba4 Rd8 38. h3 Re7 39. Kh2 Qg5 40. Qf4 Qh5 41. Bd1 Qg5 42. Qxg5 hxg5 43. f3 f4 44. Rxe4 Nxe4 45. Rxe4 Rxe4 46. fxe4 Re8 47. Bf3 Kf7 48. h4 Kf6 49. h5 Rc8 50. Be2 Ke5 51. gxf4+ gxf4 52. Bf3 Rxc4 53. Kh3 Rc2 54. a4 Rc4 55. Kg4 Rxa4 56. Kg5 Ra3 0-1

[Event "St Petersburg Summer op"]
[Site "St Petersburg"]
[Date "2017.08.18"]
[Round "3"]
[White "Zemnitskiy, Alexander"]
[Black "Radkov, Bazhen D"]
[Result "1-0"]
[WhiteElo "1990"]
[BlackElo "2192"]
[PlyCount "99"]
[EventDate "2017.08.16"]
[EventType "swiss"]
[EventRounds "9"]
[EventCountry "RUS"]
[SourceTitle "CBM 180 Extra"]
[Source "ChessBase"]
[SourceDate "2017.10.06"]
[SourceVersion "1"]
[SourceVersionDate "2017.10.06"]
[SourceQuality "1"]

1. e4 e6 2. Nc3 c5 3. Nge2 a6 4. g3 b5 5. Bg2 Bb7 6. 0-0 Nf6 7. d3 d6 8. h3 Nbd7 9. f4 h5 10. f5 e5 11. Nd5 Nxd5 12. exd5 Be7 13. c4 b4 14. Be4 h4 15. g4 Nf6 16. Kg2 Nh7 17. Ng1 Ng5 18. Be3 a5 19. Qd2 Ba6 20. Rac1 Kd7 21. Kh2 Kc7 22. Nf3 Nxe4 23. dxe4 Qd7 24. g5 Bc8 25. Ng1 f6 26. g6 Qa4 27. Qc2 Qxc2+ 28. Rxc2 b3 29. axb3 Bd7 30. Nf3 Rhb8 31. Nd2 a4 32. Ra1 axb3 33. Rcc1 Ra2 34. Rxa2 bxa2 35. b3 Ra8 36. Ra1 Ra3 37. Kg2 Kb7 38. Kf1 Bd8 39. Ke2 Ba4 40. bxa4 Ba5 41. Nb1 axb1Q 42. Rxb1+ Kc8 43. Bh6 Rxh3 44. Bxg7 Rg3 45. Bxf6 h3 46. Rh1 Kd7 47. Kf2 Rg2+ 48. Kf3 Bc3 49. Rxh3 Rg1 50. Rg3 1-0

[Event "Pardubice Czech op-A 28th"]
[Site "Pardubice"]
[Date "2017.07.29"]
[Round "9"]
[White "Kozusek, Daniel"]
[Black "Radkov, Bazhen D"]
[Result "1-0"]
[WhiteElo "2265"]
[BlackElo "2179"]
[PlyCount "65"]
[EventDate "2017.07.21"]
[EventType "swiss"]
[EventRounds "9"]
[EventCountry "CZE"]
[SourceTitle "CBM 179 Extra"]
[Source "ChessBase"]
[SourceDate "2017.08.23"]
[SourceVersion "1"]
[SourceVersionDate "2017.08.23"]
[SourceQuality "1"]

1. d4 Nf6 2. c4 g6 3. g3 Bg7 4. Bg2 0-0 5. Nc3 d6 6. Nf3 Nc6 7. 0-0 Rb8 8. Bf4 a6 9. Rc1 Bd7 10. Nd5 Nh5 11. Bg5 h6 12. Be3 e6 13. Nf4 Nf6 14. d5 exd5 15. Nxd5 Nxd5 16. cxd5 Ne7 17. Bd4 Bxd4 18. Qxd4 Bb5 19. Rfe1 c5 20. dxc6 Bxc6 21. Red1 Qa5 22. a3 Nf5 23. Qf6 Rfe8 24. e3 h5 25. Ng5 Nh6 26. Bxc6 bxc6 27. Rxd6 Re5 28. Rdxc6 Ree8 29. Rxa6 Qd2 30. Rc7 Rxb2 31. Qxg6+ fxg6 32. Rxg6+ Kf8 33. Nh7# 1-0

[Event "Kuopio We KSY"]
[Site "Kuopio"]
[Date "2017.04.29"]
[Round "3"]
[White "Tuononen, Janne"]
[Black "Radkov, Bazhen D"]
[Result "1-0"]
[WhiteElo "2211"]
[BlackElo "2180"]
[PlyCount "31"]
[EventDate "2017.04.29"]
[EventType "swiss"]
[EventRounds "5"]
[EventCountry "FIN"]
[SourceTitle "EXT 2022"]
[Source "ChessBase"]
[SourceDate "2021.10.06"]
[SourceVersion "1"]
[SourceVersionDate "2021.10.06"]
[SourceQuality "1"]

1. b3 e5 2. Bb2 Nc6 3. e3 Nf6 4. Bb5 Bd6 5. Ne2 a6 6. Bxc6 dxc6 7. d3 Qe7 8. Nd2 Bg4 9. h3 Bh5 10. g4 Bg6 11. Ng3 0-0-0 12. Qe2 e4 13. g5 Nd5 14. Ngxe4 Nb4 15. Nxd6+ cxd6 16. Qg4+ 1-0

[Event "EU-ch blitz"]
[Site "Tallinn"]
[Date "2016.12.17"]
[Round "6"]
[White "Radkov, Bazhen D"]
[Black "Kulaots, Kaido"]
[Result "0-1"]
[WhiteElo "2233"]
[BlackElo "2556"]
[PlyCount "96"]
[EventDate "2016.12.17"]
[EventType "swiss (blitz)"]
[EventRounds "26"]
[EventCountry "EST"]
[SourceTitle "CBM 176 Extra"]
[Source "ChessBase"]
[SourceDate "2017.03.02"]
[SourceVersion "1"]
[SourceVersionDate "2017.03.02"]
[SourceQuality "1"]

1. d4 g6 2. c4 Bg7 3. Nc3 d6 4. Nf3 e5 5. e3 Nd7 6. Be2 Ngf6 7. 0-0 0-0 8. Re1 Re8 9. Bf1 c6 10. a3 e4 11. Nd2 Nf8 12. d5 c5 13. Rb1 h5 14. Qc2 Bf5 15. b4 b6 16. bxc5 bxc5 17. Bb2 N8h7 18. a4 h4 19. h3 Ng5 20. Ba3 Nd7 21. Rb7 Ne5 22. Ncxe4 Bxe4 23. Nxe4 Nef3+ 24. gxf3 Nxf3+ 25. Kh1 Nxe1 26. Qb1 Nf3 27. Bg2 Ne5 28. Qb3 f5 29. Nd2 Rb8 30. Nf1 Rxb7 31. Qxb7 Nxc4 32. Bc1 Qe7 33. Qb5 Ne5 34. Nd2 Qd7 35. Qb3 Qc7 36. Ba3 Rb8 37. Qc2 Qa5 38. f4 Nf7 39. Nc4 Qa6 40. Kh2 Qb7 41. e4 Qb3 42. Qe2 Qxa4 43. e5 dxe5 44. fxe5 Nxe5 45. Nxe5 Qxa3 46. Nc6 Rb2 47. Qe6+ Kh7 48. Ne7 Qg3+ 0-1

[Event "FIN-chT 1516"]
[Site "Finland"]
[Date "2015.09.12"]
[Round "1.7"]
[White "Radkov, Bazhen D"]
[Black "Lammi, Jyri"]
[Result "1/2-1/2"]
[WhiteElo "2066"]
[BlackElo "2124"]
[PlyCount "84"]
[EventDate "2015.09.12"]
[EventType "team-tourn"]
[EventRounds "11"]
[EventCountry "FIN"]
[SourceTitle "EXT 2016"]
[Source "ChessBase"]
[SourceDate "2015.10.08"]
[SourceVersion "1"]
[SourceVersionDate "2015.10.08"]
[SourceQuality "1"]
[WhiteTeam "Kotka KymS"]
[BlackTeam "Helsinki Aatos"]
[WhiteTeamCountry "FIN"]
[BlackTeamCountry "FIN"]

1. d4 Nf6 2. Nf3 g6 3. c4 Bg7 4. Nc3 0-0 5. e4 d6 6. Be2 e5 7. d5 Na6 8. 0-0 Nc5 9. Qc2 a5 10. Bg5 h6 11. Be3 Qe7 12. Nd2 Ng4 13. Bxg4 Bxg4 14. a3 f5 15. f3 Bh5 16. b4 axb4 17. axb4 Nd7 18. Rxa8 Rxa8 19. exf5 e4 20. f6 Nxf6 21. Ndxe4 g5 22. Nxf6+ Bxf6 23. Ne4 Be5 24. Qb3 Bg6 25. Re1 Rf8 26. Nf2 h5 27. Nd3 Bg7 28. Bd2 Bd4+ 29. Nf2 Qf6 30. Re6 Ra8 31. Bc3 Bxc3 32. Rxf6 Ra1+ 33. Nd1 Bxf6 34. Kf2 Rc1 35. Qa4 Rxc4 36. Qa8+ Kg7 37. Qxb7 Bd4+ 38. Ke1 Rc2 39. Qb5 Kh6 40. Qd7 Bb6 41. Qd8 Bd4 42. h4 Rxg2 1/2-1/2

[Event "Panevezys op-A 28th"]
[Site "Panevezys"]
[Date "2015.08.20"]
[Round "5"]
[White "Tsiganova, Monika"]
[Black "Radkov, Bazhen D"]
[Result "1-0"]
[WhiteElo "2065"]
[BlackElo "2084"]
[PlyCount "79"]
[EventDate "2015.08.17"]
[EventType "swiss"]
[EventRounds "9"]
[EventCountry "LTU"]
[SourceTitle "EXT 2016"]
[Source "ChessBase"]
[SourceDate "2015.10.08"]
[SourceVersion "1"]
[SourceVersionDate "2015.10.08"]
[SourceQuality "1"]

1. d4 Nf6 2. c4 g6 3. Nc3 d5 4. Nf3 Bg7 5. Bf4 0-0 6. e3 c5 7. dxc5 Qa5 8. Rc1 dxc4 9. Bxc4 Qxc5 10. Bb3 Nc6 11. 0-0 Qa5 12. h3 Bf5 13. Qe2 Ne4 14. Nd5 e5 15. Rxc6 bxc6 16. Ne7+ Kh8 17. Nxc6 Qb6 18. Ncxe5 Be6 19. Bxe6 Qxe6 20. Qc2 f5 21. Qa4 Qe8 22. Qa5 Rb8 23. Nc4 Rc8 24. b3 Qe7 25. Nd4 Rc5 26. Qa6 g5 27. Bh2 Rf6 28. Qa3 f4 29. exf4 gxf4 30. Nf3 Rg6 31. Bxf4 Qf7 32. Bg3 Qd5 33. Ne3 Qh5 34. Qxa7 Rc8 35. Ng4 Nc3 36. Re1 Qb5 37. Nfe5 Ra6 38. Qe3 Qd5 39. Nc4 Rxa2 40. Nb6 1-0

[Event "Panevezys op-A 28th"]
[Site "Panevezys"]
[Date "2015.08.18"]
[Round "3"]
[White "Smirnov, Artem"]
[Black "Radkov, Bazhen D"]
[Result "1-0"]
[WhiteElo "2440"]
[BlackElo "2084"]
[PlyCount "53"]
[EventDate "2015.08.17"]
[EventType "swiss"]
[EventRounds "9"]
[EventCountry "LTU"]
[SourceTitle "EXT 2016"]
[Source "ChessBase"]
[SourceDate "2015.10.08"]
[SourceVersion "1"]
[SourceVersionDate "2015.10.08"]
[SourceQuality "1"]

1. d4 Nf6 2. Bg5 Ne4 3. Bf4 c5 4. d5 Qb6 5. Nd2 Qxb2 6. Nxe4 Qb4+ 7. c3 Qxe4 8. e3 g5 9. f3 Qf5 10. Bg3 Bg7 11. Rc1 Be5 12. Bf2 Qf6 13. Qd2 e6 14. d6 Nc6 15. Ne2 Qg7 16. f4 Bf6 17. Ng3 b6 18. Nh5 Qh6 19. g4 Bb7 20. Be2 Nd4 21. exd4 Bxh1 22. h4 Bd8 23. fxg5 Qg6 24. Bd3 Qg8 25. Qf4 Bc6 26. dxc5 bxc5 27. Bxc5 1-0

[Event "Heart of Finland op 25th"]
[Site "Jyvaskyla"]
[Date "2015.07.19"]
[Round "9"]
[White "Anttila, Perttu"]
[Black "Radkov, Bazhen D"]
[Result "0-1"]
[WhiteElo "2161"]
[BlackElo "2090"]
[PlyCount "94"]
[EventDate "2015.07.13"]
[EventType "swiss"]
[EventRounds "9"]
[EventCountry "FIN"]
[SourceTitle "CBM 167 Extra"]
[Source "ChessBase"]
[SourceDate "2015.09.14"]
[SourceVersion "1"]
[SourceVersionDate "2015.09.14"]
[SourceQuality "1"]

1. e4 e6 2. d4 d5 3. Bd3 dxe4 4. Bxe4 c5 5. Ne2 cxd4 6. Nxd4 Bc5 7. Nb5 Qb6 8. Qe2 Nf6 9. Bd3 0-0 10. 0-0 a6 11. N5c3 Qc7 12. Nd2 Nbd7 13. Nde4 Bd4 14. Qf3 Bxc3 15. bxc3 Nxe4 16. Qxe4 Nf6 17. Qh4 Qe5 18. Bg5 h6 19. Bxh6 gxh6 20. Qxh6 Ne4 21. f3 Qg5 22. Qh3 e5 23. g4 Nf6 24. Rae1 Bd7 25. Qg3 Rfe8 26. h4 Qf4 27. Qg2 Bc6 28. Re2 Kg7 29. Qh3 Bd7 30. Rfe1 Rac8 31. Qg2 Bc6 32. Re3 Rh8 33. Rxe5 Bxf3 34. Rg5+ Qxg5 35. hxg5 Bxg2 36. gxf6+ Kxf6 37. Kxg2 Rxc3 38. Rb1 b5 39. a4 bxa4 40. Rb6+ Ke5 41. Rxa6 a3 42. Kg3 Rh1 43. Ra5+ Kd4 44. Kf4 Ra1 45. Ra4+ Kc5 46. Ke3 a2 47. Kd2 Rxd3+ 0-1

[Event "Heart of Finland op 25th"]
[Site "Jyvaskyla"]
[Date "2015.07.16"]
[Round "6"]
[White "Radkov, Bazhen D"]
[Black "Viljava, Tapani"]
[Result "1/2-1/2"]
[WhiteElo "2090"]
[BlackElo "2176"]
[PlyCount "71"]
[EventDate "2015.07.13"]
[EventType "swiss"]
[EventRounds "9"]
[EventCountry "FIN"]
[SourceTitle "CBM 167 Extra"]
[Source "ChessBase"]
[SourceDate "2015.09.14"]
[SourceVersion "1"]
[SourceVersionDate "2015.09.14"]
[SourceQuality "1"]

1. e4 c5 2. Nf3 d6 3. d4 cxd4 4. Nxd4 Nf6 5. Nc3 e6 6. Be3 Be7 7. Be2 0-0 8. 0-0 Nc6 9. f4 Qc7 10. Kh1 Bd7 11. Qe1 Nxd4 12. Bxd4 Bc6 13. Qg3 g6 14. Bd3 Nh5 15. Qf2 Nxf4 16. Qxf4 e5 17. Qf2 exd4 18. Qxd4 Qb6 19. Qxb6 axb6 20. Nd5 Bxd5 21. exd5 Kg7 22. Rf4 Ra5 23. Rb4 Rxd5 24. Rxb6 Rb8 25. a4 Bd8 26. Be4 Bxb6 27. Bxd5 Rc8 28. c3 Rc7 29. g3 Re7 30. b4 Be3 31. Rd1 b6 32. Bf3 Rc7 33. Rd3 Bf2 34. Bd5 Be1 35. a5 Bf2 36. Kg2 1/2-1/2

[Event "Jyvaskyla Winter Weekend A"]
[Site "Jyvaskyla"]
[Date "2015.01.25"]
[Round "4"]
[White "Tuononen, Janne"]
[Black "Radkov, Bazhen D"]
[Result "1-0"]
[WhiteElo "2239"]
[BlackElo "2070"]
[PlyCount "75"]
[EventDate "2015.01.23"]
[EventType "swiss"]
[EventRounds "5"]
[EventCountry "FIN"]
[SourceTitle "EXT 2022"]
[Source "ChessBase"]
[SourceDate "2021.10.06"]
[SourceVersion "1"]
[SourceVersionDate "2021.10.06"]
[SourceQuality "1"]

1. c4 Nf6 2. Nc3 g6 3. e4 d6 4. d4 Bg7 5. Nf3 0-0 6. Be2 Bg4 7. 0-0 Nfd7 8. Be3 Nc6 9. Rc1 Bxf3 10. Bxf3 e5 11. d5 Nd4 12. Be2 c5 13. dxc6 bxc6 14. f4 f5 15. c5 Nxc5 16. Bc4+ Kh8 17. fxe5 dxe5 18. exf5 gxf5 19. Qh5 f4 20. Bf2 Rf5 21. Qh3 f3 22. Be3 a5 23. gxf3 Qf6 24. Kh1 Rf8 25. Ne2 Rxf3 26. Ng3 Qg6 27. Rxf3 Rxf3 28. Bxd4 exd4 29. Be2 Ne4 30. Kg1 Qg5 31. Bxf3 Qe3+ 32. Kg2 Qf2+ 33. Kh1 Qxf3+ 34. Qg2 Nf2+ 35. Kg1 Qe3 36. Rf1 Ng4+ 37. Kh1 d3 38. Nf5 1-0

[Event "FIN-chT1B 1415"]
[Site "Finland"]
[Date "2014.11.16"]
[Round "4.7"]
[White "Tuominen, Joona"]
[Black "Radkov, Bazhen D"]
[Result "1/2-1/2"]
[WhiteElo "1857"]
[BlackElo "2150"]
[PlyCount "71"]
[EventDate "2014.09.27"]
[EventType "team-tourn"]
[EventRounds "7"]
[EventCountry "FIN"]
[SourceTitle "EXT 2017"]
[Source "ChessBase"]
[SourceDate "2016.10.25"]
[SourceVersion "1"]
[SourceVersionDate "2016.10.25"]
[SourceQuality "1"]
[WhiteTeam "Lahti S"]
[BlackTeam "Kotka KymS"]
[WhiteTeamCountry "FIN"]
[BlackTeamCountry "FIN"]

1. Nf3 Nf6 2. c4 g6 3. g3 Bg7 4. Bg2 0-0 5. 0-0 d6 6. d4 Nc6 7. Nc3 a6 8. d5 Na5 9. Qd3 c5 10. Rb1 Rb8 11. b3 b5 12. Bg5 Bd7 13. Nd2 Ng4 14. e4 Ne5 15. Qe2 Nexc4 16. Nd1 Na3 17. Rc1 b4 18. Qe3 Re8 19. Bh6 Bd4 20. Qf4 Bb5 21. Re1 c4 22. bxc4 N3xc4 23. Nf3 Bf6 24. h4 b3 25. axb3 Nxb3 26. Rxc4 Bxc4 27. e5 dxe5 28. Qxc4 Qa5 29. Qe4 Nc5 30. Qe2 e4 31. Ng5 e6 32. dxe6 Nxe6 33. Nxe4 Be5 34. Ne3 Rb2 35. Qf1 Rc8 36. Rc1 1/2-1/2

[Event "Chigorin Memorial 22nd"]
[Site "St Petersburg"]
[Date "2014.10.24"]
[Round "7"]
[White "Radkov, Bazhen D"]
[Black "Makarevich, Julia"]
[Result "1-0"]
[WhiteElo "2160"]
[BlackElo "1934"]
[PlyCount "49"]
[EventDate "2014.10.18"]
[EventType "swiss"]
[EventRounds "9"]
[EventCountry "RUS"]
[SourceTitle "EXT 2015"]
[Source "ChessBase"]
[SourceDate "2014.11.20"]
[SourceVersion "1"]
[SourceVersionDate "2014.11.20"]
[SourceQuality "1"]

1. d4 Nf6 2. g3 g6 3. Bg2 Bg7 4. Nf3 0-0 5. 0-0 d6 6. c4 Nc6 7. Nc3 a6 8. b3 e5 9. Bb2 Rb8 10. h3 Nd7 11. d5 Ne7 12. e4 h6 13. a4 a5 14. Ba3 b6 15. b4 Ba6 16. Nb5 f5 17. Nd2 axb4 18. Bxb4 Nc5 19. Qc1 f4 20. a5 c6 21. Nc3 b5 22. dxc6 Nxc6 23. Bxc5 dxc5 24. cxb5 Bxb5 25. Nxb5 1-0

[Event "Chigorin Memorial 22nd"]
[Site "St Petersburg"]
[Date "2014.10.19"]
[Round "2"]
[White "Fedoseeva, Valentina"]
[Black "Radkov, Bazhen D"]
[Result "1-0"]
[WhiteElo "1946"]
[BlackElo "2160"]
[PlyCount "71"]
[EventDate "2014.10.18"]
[EventType "swiss"]
[EventRounds "9"]
[EventCountry "RUS"]
[SourceTitle "EXT 2015"]
[Source "ChessBase"]
[SourceDate "2014.11.20"]
[SourceVersion "1"]
[SourceVersionDate "2014.11.20"]
[SourceQuality "1"]

1. e4 e5 2. Nf3 Nc6 3. Bc4 Nf6 4. d3 Bc5 5. 0-0 a6 6. c3 Ba7 7. Bg5 h6 8. Bh4 g5 9. Nxg5 hxg5 10. Bxg5 Bc5 11. d4 Be7 12. f4 Nxe4 13. Bd5 Bxg5 14. dxe5 Be7 15. b4 Nxc3 16. Nxc3 Nxb4 17. Ne4 Nxd5 18. Qxd5 d6 19. f5 c6 20. Qd4 d5 21. Nd6+ Bxd6 22. exd6 Qh4 23. Qe5+ Kf8 24. h3 Rh6 25. f6 Bxh3 26. gxh3 Qxh3 27. Rf5 Qh1+ 28. Kf2 Rh2+ 29. Ke3 d4+ 30. Kd3 Rh3+ 31. Kc4 b5+ 32. Kc5 Qd5+ 33. Qxd5 cxd5 34. d7 Re3 35. Kd6 d3 36. Rh1 1-0